00616pam a2200205 a 450000100060000000300080000600500170001400800390003102000300007003500190010004000230011904100080014208200250015010000210017524500710019626000780026730000350034550400200038065100100040026503BD-RjUL20211209051027.0140322s1987 coua b 001 0 eng a0813301254 (alk. paper) : a(BD-RjUL)26573 aDLCcDLCdDLCbeng aeng00a953.53219bALO 19871 aAllen, Calvin H.10aOman :bthe modernization of the sultanate /cCalvin H. Allen, Jr. aBoulder, Colo. :bWestview Press ;aLondon, England :bCroom Helm,c1987. axiii, 154 p. :bill. ;c24 cm. aIncludes index. 0aOman.